[Event "KETCHUPLOVER'S KONUNDRUM"]
[Site "SchemingMind.com"]
[Date "2019.09.01"]
[Round "-"]
[White "Servelión Graterol Hernández"]
[Black "Arnold Jones"]
[Result "1-0"]
[WhiteCountry "VEN"]
[BlackCountry "ENG"]
[WhiteElo "1813"]
[WhiteRD "128"]
[BlackElo "1467"]
[BlackRD "68"]
[GameID "445344"]

1. d4 d5 2. c4 Nf6 3. cxd5 Qxd5 4. Nc3 Qd8 5. Nf3 e6 6. e4 Bb4 7. Bd3 c6 8. O-O O-O 9. e5 Nd5 10. Bxh7+ Kxh7
11. Ng5+ Kg6 12. h4 Nxc3 13. bxc3 Bxc3 14. h5+
1-0

[Event "KETCHUPLOVER'S KONUNDRUM"]
[Site "SchemingMind.com"]
[Date "2019.09.01"]
[Round "-"]
[White "Servelión Graterol Hernández"]
[Black "Colin.Peeters"]
[Result "1-0"]
[WhiteCountry "VEN"]
[BlackCountry "ENG"]
[WhiteElo "1836"]
[WhiteRD "125"]
[BlackElo "1322"]
[BlackRD "73"]
[GameID "445346"]

1. e4 e5 2. Nf3 Nc6 3. Bb5 Nf6 4. O-O Nxe4 5. d4 Nd6 6. Bxc6 dxc6 7. dxe5 Nf5 8. Qxd8+ Kxd8 9. Nc3 Ke8 10. h3 Bc5
11. Rd1
1-0

[Event "KETCHUPLOVER'S KONUNDRUM"]
[Site "SchemingMind.com"]
[Date "2019.09.01"]
[Round "-"]
[White "Servelión Graterol Hernández"]
[Black "Thegreatvoid"]
[Result "1-0"]
[WhiteCountry "VEN"]
[BlackCountry "USA"]
[WhiteElo "1813"]
[WhiteRD "128"]
[BlackElo "1501"]
[BlackRD "89"]
[GameID "445347"]

1. e4 d6 2. d4 Nf6 3. Nc3 g6 4. Nf3 Bg7 5. Be2 c6 6. O-O O-O 7. h3 b5 8. e5 dxe5 9. dxe5 Qxd1 10. Rxd1 Nd5
11. Nxd5 cxd5 12. Bxb5 Bb7 13. c3 e6 14. a4 Ba6 15. Be3 Bxb5 16. axb5 Nd7 17. Bxa7 Nxe5 18. Nxe5 Bxe5 19. Ra6
1-0

[Event "KETCHUPLOVER'S KONUNDRUM"]
[Site "SchemingMind.com"]
[Date "2019.09.01"]
[Round "-"]
[White "Thegreatvoid"]
[Black "Servelión Graterol Hernández"]
[Result "0-1"]
[WhiteCountry "USA"]
[BlackCountry "VEN"]
[WhiteElo "1501"]
[WhiteRD "89"]
[BlackElo "1813"]
[BlackRD "128"]
[GameID "445348"]

1. c4 e5 2. Nc3 Nf6 3. g3 Bb4 4. Bg2 O-O 5. e4 d6 6. Nge2 Be6 7. Nd5 Nxd5 8. exd5 Bg4 9. f3 Bf5 10. O-O Bd3
11. Re1 Bxc4 12. f4 Nd7 13. Qa4 Bc5+ 14. d4 b5 15. Qc2 exd4 16. Qd1 d3+
0-1

[Event "KETCHUPLOVER'S KONUNDRUM"]
[Site "SchemingMind.com"]
[Date "2019.09.02"]
[Round "-"]
[White "AussieMossie"]
[Black "Steven DuCharme"]
[Result "1-0"]
[WhiteCountry "AUS"]
[BlackCountry "USA"]
[WhiteElo "2504"]
[WhiteRD "102"]
[BlackElo "1538"]
[BlackRD "53"]
[GameID "445359"]

1. e4 d6 2. d4 Nf6 3. Nc3 Nbd7 4. f4 g6 5. e5 dxe5 6. dxe5 Ng8 7. Be3 Nb6 8. Bxb6 axb6 9. Qxd8+ Kxd8 10. O-O-O+ Bd7
11. Bb5 c6 12. Na4 cxb5 13. Nxb6 Rxa2 14. Rxd7+ Ke8 15. Kb1 Ra6 16. Rxb7 e6 17. Rb8+ Ke7 18. Nf3 Nh6 19. Rb7+ Ke8 20. Rd1
1-0

[Event "KETCHUPLOVER'S KONUNDRUM"]
[Site "SchemingMind.com"]
[Date "2019.09.01"]
[Round "-"]
[White "grabapawn"]
[Black "AussieMossie"]
[Result "0-1"]
[WhiteCountry "USA"]
[BlackCountry "AUS"]
[WhiteElo "1453"]
[WhiteRD "54"]
[BlackElo "2504"]
[BlackRD "102"]
[GameID "445360"]

1. d4 Nf6 2. Bf4 c5 3. e3 d5 4. c3 Qb6 5. Qc2 g6 6. Nf3 Bg7 7. Nbd2 Nc6 8. Nb3 c4 9. Nc5 Nh5 10. Bg3 Nxg3
11. hxg3 e5 12. O-O-O O-O 13. Ng5 h6 14. Nf3 exd4 15. exd4 Qa5 16. a3 b6 17. Na4 Bf5 18. Qd2 Qxa4 19. Be2 Na5
0-1

[Event "KETCHUPLOVER'S KONUNDRUM"]
[Site "SchemingMind.com"]
[Date "2019.09.01"]
[Round "-"]
[White "AussieMossie"]
[Black "grabapawn"]
[Result "1-0"]
[WhiteCountry "AUS"]
[BlackCountry "USA"]
[WhiteElo "2504"]
[WhiteRD "102"]
[BlackElo "1453"]
[BlackRD "54"]
[GameID "445361"]

1. e4 d6 2. d4 Nf6 3. Nc3 Nbd7 4. Nf3 e5 5. Bc4 Be7 6. h3 c6 7. a4 Qc7 8. O-O h6 9. Nh4 Nf8 10. dxe5 dxe5
11. Qd3 Bd7 12. Nf5 Bxf5 13. exf5 Qb6 14. Qg3 Nh5 15. Qxe5 Nd7 16. Bxf7+ Kxf7 17. Qe6+ Ke8 18. Qg6+ Kf8 19. Qxh5 Nf6 20. Qf3 Re8
21. Re1 Kf7 22. Qg3 Nh5 23. Qg6+ Kf8 24. Qxh5 Qd8 25. Bf4 a5 26. Rad1 Qb6 27. Ne4 c5 28. Nd6
1-0

[Event "KETCHUPLOVER'S KONUNDRUM"]
[Site "SchemingMind.com"]
[Date "2019.09.01"]
[Round "-"]
[White "AussieMossie"]
[Black "kenneth m day"]
[Result "1-0"]
[WhiteCountry "AUS"]
[BlackCountry "USA"]
[WhiteElo "2534"]
[WhiteRD "94"]
[BlackElo "1689"]
[BlackRD "51"]
[GameID "445362"]

1. e4 e5 2. Nf3 Nc6 3. Bc4 Bc5 4. c3 Nf6 5. d3 a6 6. O-O O-O 7. d4 exd4 8. cxd4 Ba7 9. d5 Ne7 10. e5 Ne8
11. d6 cxd6 12. exd6 Nc6 13. Bg5 Qb6 14. Bb3 Bb8 15. Be7 Bxd6 16. Bxd6 Nxd6 17. Qxd6 Qd8 18. Nc3 Qe7 19. Qg3 b5 20. Rad1 Bb7
21. Rfe1 Qf6 22. Ne4 Qxb2 23. Rd2 Qa3 24. Nf6+ Kh8 25. Qh3 gxf6 26. Bc2
1-0

[Event "KETCHUPLOVER'S KONUNDRUM"]
[Site "SchemingMind.com"]
[Date "2019.09.01"]
[Round "-"]
[White "kenneth m day"]
[Black "AussieMossie"]
[Result "0-1"]
[WhiteCountry "USA"]
[BlackCountry "AUS"]
[WhiteElo "1692"]
[WhiteRD "51"]
[BlackElo "2527"]
[BlackRD "98"]
[GameID "445363"]

1. e4 c5 2. d4 cxd4 3. c3 dxc3 4. Nxc3 d6 5. Nf3 Nc6 6. Bc4 e6 7. O-O a6 8. Bg5 Be7 9. Qd2 Nf6 10. Qe3 h6
11. Bf4 Nh5 12. Rfd1 Nxf4 13. Qxf4 Bd7 14. Rac1 O-O 15. Qg3 Rc8 16. Ne2 Qb6 17. Rc2 Na5 18. Bd3 Rxc2 19. Bxc2 Qxb2 20. Ned4 e5
21. Nf5 Bxf5
0-1

[Event "KETCHUPLOVER'S KONUNDRUM"]
[Site "SchemingMind.com"]
[Date "2019.09.01"]
[Round "-"]
[White "AussieMossie"]
[Black "David Connolly"]
[Result "1-0"]
[WhiteCountry "AUS"]
[BlackCountry "WLS"]
[WhiteElo "2504"]
[WhiteRD "102"]
[BlackElo "2071"]
[BlackRD "77"]
[GameID "445364"]

1. e4 e6 2. d4 d5 3. Nd2 a6 4. Bd3 c5 5. dxc5 Bxc5 6. Ngf3 Nc6 7. O-O Nf6 8. Qe2 Qc7 9. h3 Ba7 10. Re1 b5
11. c3 Bb7 12. e5 Nd7 13. Nb3 h6 14. Bf4 Nb6 15. Nfd4 Rc8 16. Nc5 Nd8 17. Nxb7 Qxb7 18. a4 Nxa4 19. Nxb5
1-0

[Event "KETCHUPLOVER'S KONUNDRUM"]
[Site "SchemingMind.com"]
[Date "2019.09.01"]
[Round "-"]
[White "David Connolly"]
[Black "AussieMossie"]
[Result "0-1"]
[WhiteCountry "WLS"]
[BlackCountry "AUS"]
[WhiteElo "2072"]
[WhiteRD "81"]
[BlackElo "2527"]
[BlackRD "98"]
[GameID "445365"]

1. c4 e5 2. Nc3 Nf6 3. Nf3 Nc6 4. g3 d5 5. cxd5 Nxd5 6. Bg2 Nb6 7. O-O Be7 8. Rb1 O-O 9. b4 a6 10. a3 Be6
11. d3 f5 12. Nd2 Qd7 13. Bb2 Rad8 14. Nb3 Qe8 15. Ba1 Qf7 16. Nc5 Bxc5 17. bxc5 Nc4 18. Rxb7 e4 19. Qe1 N4a5 20. Rb1 exd3
21. exd3 Rfe8 22. Ne2 Ba2 23. Rc1 Bd5 24. Bxd5 Rxd5 25. Qd1 Rdd8 26. Rb1 Nc4 27. a4 h6 28. Re1 N4e5
0-1

[Event "KETCHUPLOVER'S KONUNDRUM"]
[Site "SchemingMind.com"]
[Date "2019.09.01"]
[Round "-"]
[White "AussieMossie"]
[Black "Mihir Chandrashekhar"]
[Result "1-0"]
[WhiteCountry "AUS"]
[BlackCountry "IND"]
[WhiteElo "2534"]
[WhiteRD "94"]
[BlackElo "1862"]
[BlackRD "51"]
[GameID "445366"]

1. e4 e5 2. Nf3 Nc6 3. Bb5 Nf6 4. O-O Nxe4 5. Re1 Nd6 6. Bf1 Be7 7. Nxe5 Nxe5 8. Rxe5 O-O 9. d4 Bf6 10. Re1 Re8
11. c3 Rxe1 12. Qxe1 Ne8 13. Bf4 d5 14. Nd2 g6 15. Nf3 Ng7 16. h3 Bf5 17. Qd2 c6 18. Re1 Qd7 19. Ne5 Bxe5 20. Bxe5 Re8
21. g4 Be6 22. Bf6 Qd6 23. Qh6 Qf8 24. Qh4
1-0

[Event "KETCHUPLOVER'S KONUNDRUM"]
[Site "SchemingMind.com"]
[Date "2019.09.01"]
[Round "-"]
[White "Mihir Chandrashekhar"]
[Black "AussieMossie"]
[Result "0-1"]
[WhiteCountry "IND"]
[BlackCountry "AUS"]
[WhiteElo "1994"]
[WhiteRD "58"]
[BlackElo "2527"]
[BlackRD "98"]
[GameID "445367"]

1. d4 Nf6 2. c4 e6 3. Nf3 d5 4. g3 Be7 5. Bg2 O-O 6. O-O c5 7. cxd5 exd5 8. Nc3 Nc6 9. Bg5 c4 10. Ne5 Be6
11. Nxc6 bxc6 12. e3 Rb8 13. b3 Rb4 14. bxc4 Rxc4 15. Qb3 c5 16. dxc5 Rxc5
0-1

[Event "KETCHUPLOVER'S KONUNDRUM"]
[Site "SchemingMind.com"]
[Date "2019.09.01"]
[Round "-"]
[White "AussieMossie"]
[Black "Arnold Jones"]
[Result "1-0"]
[WhiteCountry "AUS"]
[BlackCountry "ENG"]
[WhiteElo "2504"]
[WhiteRD "102"]
[BlackElo "1467"]
[BlackRD "68"]
[GameID "445368"]

1. e4 c5 2. Nf3 Nc6 3. c3 e6 4. d4 d5 5. exd5 exd5 6. Bd3 Qe7+ 7. Be3 c4 8. Bc2 b5 9. O-O Be6 10. Nbd2 Bg4
11. Re1 f6 12. Bf4 Be6 13. a4 b4 14. Nxc4 Rd8 15. Bf5 Qb7 16. Bxe6 Be7 17. Ne3 g5 18. Nxg5 Kf8 19. Qh5 Bd6 20. Bxd6+ Rxd6
21. Bc8 Qc7 22. Nf5
1-0

[Event "KETCHUPLOVER'S KONUNDRUM"]
[Site "SchemingMind.com"]
[Date "2019.09.01"]
[Round "-"]
[White "Arnold Jones"]
[Black "AussieMossie"]
[Result "0-1"]
[WhiteCountry "ENG"]
[BlackCountry "AUS"]
[WhiteElo "1467"]
[WhiteRD "68"]
[BlackElo "2504"]
[BlackRD "102"]
[GameID "445369"]

1. c4 e5 2. Nc3 Nf6 3. e3 Nc6 4. d4 Bb4 5. d5 Bxc3+ 6. bxc3 Ne7 7. e4 d6 8. Bd3 Ng6 9. f3 Nd7 10. Qa4 O-O
11. Be3 Nf4 12. Bf1 f5 13. O-O-O fxe4 14. fxe4 b6 15. g3 Nh5 16. Nh3 Nc5 17. Qc2 Rxf1 18. Bg5 Rxd1+ 19. Qxd1 Qe8 20. g4 Nf4
21. Nf2 Ba6 22. Bxf4 exf4 23. Qf1 Qe5 24. Kd2 Nxe4+ 25. Nxe4 Qxe4 26. Qe1 Qxc4 27. Qe6+ Kh8 28. Qf5 Qe2+ 29. Kc1 Bd3
0-1

[Event "KETCHUPLOVER'S KONUNDRUM"]
[Site "SchemingMind.com"]
[Date "2019.09.01"]
[Round "-"]
[White "AussieMossie"]
[Black "Colin.Peeters"]
[Result "1-0"]
[WhiteCountry "AUS"]
[BlackCountry "ENG"]
[WhiteElo "2534"]
[WhiteRD "94"]
[BlackElo "1321"]
[BlackRD "79"]
[GameID "445370"]

1. e4 e5 2. Nf3 Nc6 3. Bc4 Nd4 4. Nxd4 exd4 5. O-O Bc5 6. Bxf7+ Kxf7 7. Qh5+ g6 8. Qxc5 Nf6 9. Qxd4 Ng4 10. h3 Qf6
11. Qc4+ Qe6 12. Qxe6+ dxe6 13. hxg4 e5 14. f4 exf4 15. Rxf4+ Kg7 16. b3 Rd8 17. Bb2+ Kg8 18. g5 Rf8 19. Rxf8+ Kxf8 20. Nc3 c6
21. Rf1+ Kg8 22. Kf2 Be6 23. Ke3 Rf8 24. Rf6 Re8 25. e5 b5 26. Ne4
1-0

[Event "KETCHUPLOVER'S KONUNDRUM"]
[Site "SchemingMind.com"]
[Date "2019.09.01"]
[Round "-"]
[White "Colin.Peeters"]
[Black "AussieMossie"]
[Result "0-1"]
[WhiteCountry "ENG"]
[BlackCountry "AUS"]
[WhiteElo "1321"]
[WhiteRD "79"]
[BlackElo "2534"]
[BlackRD "94"]
[GameID "445371"]

1. c3 Nf6 2. d3 Nc6 3. d4 d5 4. Bg5 Ne4 5. f4 Nxg5 6. fxg5 e5 7. h4 h6 8. e3 hxg5 9. Bb5 g4 10. g3 Bd6
11. Ne2 O-O 12. Qd2 a6 13. Bxc6 bxc6 14. O-O Rb8 15. Na3 a5 16. dxe5 Bxe5 17. Rf2 Bd6 18. Re1 Re8 19. Nf4 a4 20. Qc1 Re4
21. Nc2 c5 22. Nxd5 Bxg3 23. Nf6+ gxf6
0-1

[Event "KETCHUPLOVER'S KONUNDRUM"]
[Site "SchemingMind.com"]
[Date "2019.09.01"]
[Round "-"]
[White "AussieMossie"]
[Black "Servelión Graterol Hernández"]
[Result "1/2-1/2"]
[WhiteCountry "AUS"]
[BlackCountry "VEN"]
[WhiteElo "2482"]
[WhiteRD "93"]
[BlackElo "2167"]
[BlackRD "99"]
[GameID "445372"]

1. e4 c5 2. Nf3 d6 3. d4 cxd4 4. Nxd4 Nf6 5. Nc3 a6 6. Be2 e5 7. Nb3 Be7 8. O-O O-O 9. Be3 Be6 10. Qd3 Nbd7
11. Nd5 Bxd5 12. exd5 Ne8 13. Qd2 f5 14. f3 f4 15. Bf2 Bh4 16. g3 Bg5 17. Qd3 Nef6 18. Qf5 Bh6 19. c4 Qc7 20. Rad1 Rae8
21. Qh3 Nb6 22. c5 Na4 23. g4 e4 24. cxd6 Qxd6 25. Qg2 e3 26. Be1 Qe5 27. Rd4 b5 28. Bb4 Rf7 29. Rc1 g6 30. d6 Rb8
31. Rc6 Nd7 32. Re4 Qxb2 33. Bd1 Bg7 34. Qxb2 Nxb2 35. Be2 Ne5 36. Rxa6 Nbd3 37. Ba5 Rc8 38. Bc7 g5 39. Ra5 h5 40. Rxb5 hxg4
41. fxg4 Rfxc7 42. dxc7 Rxc7 43. Kf1 Rc2 44. Rd5 Nc1 45. Rexe5 Bxe5 46. Nxc1 f3 47. Bxf3 Rxc1+ 48. Kg2 Rc2+ 49. Be2 Rxe2+ 50. Kf3 Rf2+
51. Kxe3 Rxh2 52. Rxe5 Rxa2=
1/2-1/2

[Event "KETCHUPLOVER'S KONUNDRUM"]
[Site "SchemingMind.com"]
[Date "2019.09.01"]
[Round "-"]
[White "Servelión Graterol Hernández"]
[Black "AussieMossie"]
[Result "1/2-1/2"]
[WhiteCountry "VEN"]
[BlackCountry "AUS"]
[WhiteElo "2167"]
[WhiteRD "99"]
[BlackElo "2482"]
[BlackRD "93"]
[GameID "445373"]

1. e4 e5 2. Nf3 Nc6 3. Bb5 a6 4. Ba4 Nf6 5. O-O Be7 6. Re1 b5 7. Bb3 O-O 8. c3 d6 9. h3 Bb7 10. d4 Re8
11. Nbd2 Bf8 12. a4 h6 13. Bc2 Qd7 14. b3 exd4 15. cxd4 g6 16. axb5 axb5 17. Rxa8 Rxa8 18. Bb1 Bg7 19. Nf1 d5 20. e5 Ne4
21. Ng3 Nc3 22. Qc2 Nxb1 23. Qxb1 Nd8 24. Be3 Ne6 25. Ne2 Ra6 26. Qc1 Kh7 27. Qc2 Qc6 28. Qd3 Qe8 29. Rc1 c6 30. Ng3 Kg8
31. Qd2 Kh7 32. Qd3 Kg8 33. Qd2 Qf8 34. Ne2 Ra3 35. Qc2 Qa8 36. Nf4 Ra2 37. Qc3 Nxf4 38. Bxf4 Qc8 39. Qd3 Qe8 40. Qc3= Bf8
41. Bd2 Qe6 42. Ra1 Rxa1+ 43. Qxa1 Bc8 44. Qa5 Kg7 45. Ne1 Be7 46. Bb4 Bxb4 47. Qxb4 Qf5 48. Qc3 Qb1 49. b4 Qd1 50. Kh2 Qe2
51. Qe3 Qb2 52. Nd3 Qc3 53. g4 Kh7 54. Kg3 Kg7 55. Kg2 Be6=
1/2-1/2

[Event "KETCHUPLOVER'S KONUNDRUM"]
[Site "SchemingMind.com"]
[Date "2019.09.02"]
[Round "-"]
[White "AussieMossie"]
[Black "Thegreatvoid"]
[Result "1-0"]
[WhiteCountry "AUS"]
[BlackCountry "USA"]
[WhiteElo "2504"]
[WhiteRD "102"]
[BlackElo "1501"]
[BlackRD "89"]
[GameID "445374"]

1. e4 d6 2. d4 Nf6 3. Nc3 g6 4. Nf3 Bg7 5. Be2 c6 6. h3 b5 7. e5 dxe5 8. Nxe5 Nd5 9. Nxd5 cxd5 10. Bxb5+ Bd7
11. Be2 O-O 12. O-O Nc6 13. Nxd7 Qxd7 14. c3 e5 15. dxe5 Nxe5 16. Be3 Rfd8 17. Bg5 Rdb8 18. Qd2 d4 19. cxd4 Nc6 20. Bf3 Re8
21. Rac1 Rac8 22. Bxc6 Rxc6 23. Rxc6 Qxc6 24. d5 Qb5 25. d6 f6 26. Bf4 Qd7 27. Qd5+ Kh8 28. Rc1 Bf8 29. Rc7
1-0

[Event "KETCHUPLOVER'S KONUNDRUM"]
[Site "SchemingMind.com"]
[Date "2019.09.02"]
[Round "-"]
[White "Thegreatvoid"]
[Black "AussieMossie"]
[Result "0-1"]
[WhiteCountry "USA"]
[BlackCountry "AUS"]
[WhiteElo "1501"]
[WhiteRD "89"]
[BlackElo "2504"]
[BlackRD "102"]
[GameID "445375"]

1. c4 e5 2. Nc3 Nf6 3. g3 Bb4 4. Bg2 O-O 5. e4 d6 6. Nge2 Nc6 7. O-O a5 8. Nd5 Bc5 9. Nec3 Nxd5 10. cxd5 Nd4
11. h3 f5 12. d3 f4 13. f3 fxg3 14. Kh1 Qh4
0-1